Középiskolás diákok angolnyelv-tanulási motivációjának és nyelvtanulási szorongásának vizsgálata

Annak ellenére, hogy mind a nyelvtanulási motiváció kutatása, mind a nyelvtanulással kapcsolatos szorongás vizsgálata nagy múltra tekint vissza az alkalmazott nyelvészet területén, viszonylag kevés kutatás foglalkozik a motiváció és a szorongás kapcsolatának feltárásával. A feladat első látásra nem...

Teljes leírás

Elmentve itt :
Bibliográfiai részletek
Szerzők: Csizér Kata
Piniel Katalin
Dokumentumtípus: Cikk
Megjelent: 2016
Sorozat:Iskolakultúra 26 No. 6
mtmt:http://dx.doi.org/10.17543/ISKKULT.2016.6.3
Online Access:http://misc.bibl.u-szeged.hu/41499
LEADER 01805nab a2200205 i 4500
001 misc41499
005 20191106140409.0
008 180706s2016 hu o 0|| zxx d
022 |a 1215-5233 
024 7 |a http://dx.doi.org/10.17543/ISKKULT.2016.6.3  |2 doi 
040 |a SZTE Miscellanea Repozitórium  |b hun 
041 |a zxx 
100 1 |a Csizér Kata 
245 1 0 |a Középiskolás diákok angolnyelv-tanulási motivációjának és nyelvtanulási szorongásának vizsgálata  |h [elektronikus dokumentum] /  |c  Csizér Kata 
260 |c 2016 
300 |a 3-13 
490 0 |a Iskolakultúra  |v 26 No. 6 
520 3 |a Annak ellenére, hogy mind a nyelvtanulási motiváció kutatása, mind a nyelvtanulással kapcsolatos szorongás vizsgálata nagy múltra tekint vissza az alkalmazott nyelvészet területén, viszonylag kevés kutatás foglalkozik a motiváció és a szorongás kapcsolatának feltárásával. A feladat első látásra nem tűnik túl nehéznek, azonban bonyolulttá teszi az a tény, hogy a nyelvtanulási szorongás sokszor nem közvetlen módon befolyásolja a motivációt, hanem különböző közvetett csatornákon keresztül fejti ki hatását, így többlépcsős vizsgálati módszerek használatát teszi szükségessé. Jelen kutatásunkban budapesti gimnazisták körében végeztünk kérdőíves felmérést, amely keretében információt gyűjtöttünk angol nyelvtanulási motivációjukról, és mértük a nyelvtanulási szorongásuk különböző tényezőit. Cikkünkben e két egyéni változó kapcsolatrendszerét tárjuk fel. Az elméleti áttekintés után röviden bemutatjuk a kutatásunk technikai részleteit, majd az eredményeket ismertetjük és vitatjuk meg. 
700 0 1 |a Piniel Katalin  |e aut 
856 4 0 |u http://misc.bibl.u-szeged.hu/41499/1/01.pdf  |z Dokumentum-elérés